MARC details
| 000 -CABECERA |
| campo de control de longitud fija |
01905nam a2200289 a 4500 |
| 003 - IDENTIFICADOR DEL NÚMERO DE CONTROL |
| campo de control |
DO-SdBNP |
| 005 - FECHA Y HORA DE LA ÚLTIMA TRANSACCIÓN |
| campo de control |
20250425144237.0 |
| 007 - CAMPO FIJO DE DESCRIPCIÓN FÍSICA--INFORMACIÓN GENERAL |
| campo de control de longitud fija |
ta |
| 008 - DATOS DE LONGITUD FIJA--INFORMACIÓN GENERAL |
| campo de control de longitud fija |
221007e20042009dr ab||crgl|| 001 0 spa d |
| 020 ## - NÚMERO INTERNACIONAL ESTÁNDAR DEL LIBRO |
| Número Internacional Estándar del Libro |
9789945883213 |
| 040 ## - FUENTE DE LA CATALOGACIÓN |
| Centro catalogador/agencia de origen |
DO-SdBNP |
| Lengua de catalogación |
spa |
| Centro/agencia transcriptor |
BNPHU |
| 082 #4 - NÚMERO DE LA CLASIFICACIÓN DECIMAL DEWEY |
| Número de edición |
22 |
| Número de documento/Ítem |
R426j |
| 110 ## - ENTRADA PRINCIPAL--NOMBRE DE ENTIDAD CORPORATIVA |
| Nombre de entidad corporativa o nombre de jurisdicción como elemento de entrada |
República Dominicana |
| Unidad subordinada |
Poder Judicial |
| 9 (RLIN) |
15992 |
| 245 10 - MENCIÓN DE TÍTULO |
| Título |
Justicia y comunidad : |
| Resto del título |
¿qué es el Poder Judicial de República Dominicana / |
| Mención de responsabilidad, etc. |
Ideas y producción, Ignacio P. Camacho. |
| 250 ## - MENCIÓN DE EDICIÓN |
| Mención de edición |
Reimp. 2009 |
| 260 ## - PUBLICACIÓN, DISTRIBUCIÓN, ETC. |
| Lugar de publicación, distribución, etc. |
Santo Domingo : |
| Nombre del editor, distribuidor, etc. |
Poder Judicial, |
| Fecha de publicación, distribución, etc. |
2004 |
| 300 ## - DESCRIPCIÓN FÍSICA |
| Extensión |
72 p. : |
| Otras características físicas |
il., ; |
| Dimensiones |
27 cm. |
| 505 ## - NOTA DE CONTENIDO CON FORMATO |
| Título |
Mensaje del Honorable Magistrado Presidente de la Suprema Corte de Justicia.-- |
| -- |
Los tres Poderes que componen el Gobierno de la Nación.-- |
| -- |
División territorial de los tribunales.-- |
| -- |
Por qué se originan los procesos Judiciales.-- |
| -- |
Símbolos que identifican al Poder Judicial.-- |
| -- |
Normas y reglas establecidas en el tribunal.-- |
| -- |
Quienes componen la Sala de Audiencia.-- |
| -- |
Como se inicia y termina un caso civil.-- |
| -- |
Como se inicia y termina un proceso penal.-- |
| -- |
Como se inicia y termina un caso en material de accidente de tránsito.-- |
| -- |
El Juez de Ejecución de Pena.-- |
| -- |
Como se inicia y termina un caso laboral.-- |
| -- |
Como se inicia y termina un un caso en materia inmobiliaria.-- |
| -- |
Como se inicia y termina un caso contencioso-tributario.-- |
| -- |
Como se inicia y termina un caso de menores de edad.-- |
| -- |
Vocabulario de palabras más usadas en el tribunal.-- |
| -- |
Algunas recomendaciones a los ciudadanos. |
| 590 ## - NOTA LOCAL (RLIN) |
| Nota local |
Inventariado 2022 / MF |
| 650 #0 - PUNTO DE ACCESO ADICIONAL DE MATERIA--TÉRMINO DE MATERIA |
| Término de materia o nombre geográfico como elemento de entrada |
Justicia |
| Subdivisión general |
Suprema Corte de Justicia |
| Subdivisión geográfica |
República Dominicana |
| 9 (RLIN) |
46174 |
| 650 #4 - PUNTO DE ACCESO ADICIONAL DE MATERIA--TÉRMINO DE MATERIA |
| 9 (RLIN) |
36035 |
| Término de materia o nombre geográfico como elemento de entrada |
Tribunales |
| Subdivisión geográfica |
República Dominicana |
| 651 #4 - PUNTO DE ACCESO ADICIONAL DE MATERIA--NOMBRE GEOGRÁFICO |
| 9 (RLIN) |
24054 |
| Nombre geográfico |
República Dominicana |
| Subdivisión general |
Suprema Corte de Justicia |
| 700 1# - PUNTO DE ACCESO ADICIONAL--NOMBRE DE PERSONA |
| 9 (RLIN) |
76424 |
| Nombre de persona |
Camacho, Ignacio P |
| 710 ## - PUNTO DE ACCESO ADICIONAL--NOMBRE DE ENTIDAD CORPORATIVA |
| Nombre de entidad corporativa o nombre de jurisdicción como elemento de entrada |
Cromo, Soluciones Gráficas Corporativas. |
| Término indicativo de función/relación |
il. |
| 9 (RLIN) |
82500 |
| 910 ## - DATOS DE OPCIÓN DEL USUARIO (OCLC) |
| Datos de opción del usuario |
MFeliz |
| 942 ## - ELEMENTOS DE PUNTO DE ACCESO ADICIONAL (KOHA) |
| Fuente del sistema de clasificación o colocación |
Dewey Decimal Classification |
| Tipo de ítem Koha |
Libro |